[Zahraničnoobchodná politika EÚ v meniacich sa podmienkach globálneho hospodárskeho prostredia]
Recenzia na monografiu, ktorá poukazuje na výzvy v meniacom sa globálnom hospodárskom prostredí, a zároveň na potrebu zvyšovať konkurencieschopnosť EÚ v oblasti externých obchodných a hospodárskych vzťahov voči tretím krajinám.
Salvato in:
| Autore principale: | |
|---|---|
| Natura: | Capitolo di libro |
| Lingua: | slovacco |
| Soggetti: | |
| Tags: |
Nessun Tag, puoi essere il primo ad aggiungerne!!
|
MARC
| LEADER | 00000naa a2200000 4500 | ||
|---|---|---|---|
| 001 | 0191981 | ||
| 005 | 20240502073224.9 | ||
| 041 | 0 | |a slo | |
| 044 | |a SK | ||
| 245 | 1 | 0 | |a [Zahraničnoobchodná politika EÚ v meniacich sa podmienkach globálneho hospodárskeho prostredia] |c Elena Kašťáková |
| 520 | |a Recenzia na monografiu, ktorá poukazuje na výzvy v meniacom sa globálnom hospodárskom prostredí, a zároveň na potrebu zvyšovať konkurencieschopnosť EÚ v oblasti externých obchodných a hospodárskych vzťahov voči tretím krajinám. | ||
| 610 | 2 | 0 | |a recenzie |
| 610 | 2 | 0 | |a Európska únia |
| 610 | 2 | 0 | |a politika zahraničnohospodárska |
| 610 | 2 | 0 | |a obchod zahraničný |
| 100 | 1 | |a Kašťáková, Elena, 1974- | |